| 000 -LEADER |
| fixed length control field |
00318nam a22001217a 4500 |
| 040 ## - CATALOGING SOURCE |
| Transcribing agency |
SY |
| 082 ## - DEWEY DECIMAL CLASSIFICATION NUMBER |
| Classification number |
639 |
| 100 ## - MAIN ENTRY--AUTHOR NAME |
| Personal name |
SAM SARON'; សំ សារ៉ន |
| 245 ## - TITLE STATEMENT |
| Title |
ការចិញ្ចឹមាន់តាមលក្ខណៈគ្រួសារ |
| 260 ## - PUBLICATION, DISTRIBUTION, ETC. (IMPRINT) |
| Place of publication |
RUA |
| Name of publisher |
SAM |
| Year of publication |
1994 |
| 300 ## - PHYSICAL DESCRIPTION |
| Number of Pages |
45p. |
| 942 ## - ADDED ENTRY ELEMENTS (KOHA) |
| Koha item type |
សៀវភៅភាសាខ្មែរ |
| 952 ## - LOCATION AND ITEM INFORMATION (KOHA) |
| Withdrawn status [LOCAL, KOHA] |
0 |
| 952 ## - LOCATION AND ITEM INFORMATION (KOHA) |
| Withdrawn status [LOCAL, KOHA] |
0 |
| 952 ## - LOCATION AND ITEM INFORMATION (KOHA) |
| Withdrawn status [LOCAL, KOHA] |
0 |
| 952 ## - LOCATION AND ITEM INFORMATION (KOHA) |
| Withdrawn status [LOCAL, KOHA] |
0 |